[Event "SVK-ch op-A"]
[Site "Banska Stiavnica"]
[Date "2011.07.10"]
[Round "2"]
[White "Tropp, Frantisek"]
[Black "Kantorik, Marian"]
[Result "1/2-1/2"]
[WhiteElo "2102"]
[BlackElo "2312"]
[PlyCount "141"]
[EventDate "2011.07.09"]
[EventType "swiss"]
[EventRounds "9"]
[EventCountry "SVK"]
[SourceTitle "CBM 143 Extra"]
[Source "ChessBase"]
[SourceDate "2011.08.29"]
[SourceVersion "1"]
[SourceVersionDate "2011.08.29"]
[SourceQuality "1"]

1. e4 e5 2. Nf3 Nc6 3. c3 d5 4. Bb5 dxe4 5. Nxe5 Qd5 6. Qa4 Nge7 7. Nxc6 bxc6
8. Be2 Ng6 9. d3 exd3 10. Bf3 Qe6+ 11. Kd1 Ne5 12. Re1 Bd7 13. Bf4 Bd6 14. Bxe5
Bxe5 15. Nd2 O-O 16. Qc4 Qf5 17. h3 Bf6 18. Bg4 Qd5 19. Qxd5 Bxg4+ 20. hxg4
cxd5 21. Re3 Rab8 22. Rb1 Rfe8 23. Rxd3 c6 24. Nb3 Re5 25. Nd4 Rbe8 26. Nf3 Re4
27. g5 Bxg5 28. b4 Bf6 29. b5 Rb8 30. Nd2 Re6 31. bxc6 Rc8 32. Rxd5 Rexc6 33.
c4 h6 34. Rb7 a6 35. Rdd7 Bc3 36. Ne4 Be5 37. c5 f5 38. Nd6 Rf8 39. Nc4 Bf6 40.
Rd5 Rfc8 41. Rxf5 Rxc5 42. Rxc5 Rxc5 43. Rb4 Bc3 44. Ra4 Rc6 45. Ne3 Kf7 46.
Ke2 Ke6 47. Kd3 Bf6 48. Ke4 Kd6 49. f4 Bc3 50. Kd3 Ba1 51. g4 Kc5 52. Rc4+ Kd6
53. Rxc6+ Kxc6 54. Kc4 g6 55. f5 h5 56. fxg6 h4 57. Nf5 h3 58. Nd4+ Bxd4 59.
Kxd4 h2 60. g7 h1=Q 61. g8=Q Qa1+ 62. Ke4 Qb1+ 63. Kf4 Qc1+ 64. Kf5 Qc2+ 65.
Kf6 Qc3+ 66. Kg6 Qd3+ 67. Kh6 Qh3+ 68. Kg5 Qe3+ 69. Kh5 Qh3+ 70. Kg5 Qe3+ 71.
Kh5 1/2-1/2

[Event "Hamburg St Pauli op-B"]
[Site "Hamburg"]
[Date "2011.07.10"]
[Round "2"]
[White "Lingstaedt, Nils"]
[Black "Klemt, Gerhard"]
[Result "0-1"]
[WhiteElo "1134"]
[BlackElo "1607"]
[PlyCount "40"]
[EventDate "2011.07.09"]
[EventType "swiss"]
[EventRounds "9"]
[EventCountry "GER"]
[SourceTitle "CBM 143 Extra"]
[Source "ChessBase"]
[SourceDate "2011.08.29"]
[SourceVersion "1"]
[SourceVersionDate "2011.08.29"]
[SourceQuality "1"]

1. e4 e5 2. Nf3 Nc6 3. c3 Nf6 4. Qa4 Bc5 5. d4 exd4 6. cxd4 Bb4+ 7. Bd2 Qe7 8.
e5 O-O 9. a3 Bxd2+ 10. Nbxd2 d6 11. Bd3 dxe5 12. dxe5 Nxe5 13. Nxe5 Qxe5+ 14.
Ne4 Nxe4 15. f4 Qxb2 16. Qxe4 Qxa1+ 17. Kf2 Qb2+ 18. Kf3 g6 19. g4 Bd7 20. Kg3
Bc6 0-1

[Event "46. LSS No Engine Cup Preliminary 4"]
[Site "Lechenicher SchachServer"]
[Date "2011.07.10"]
[Round "?"]
[White "Molina, Vicente Andres"]
[Black "Castrejon, Luis Carlos"]
[Result "0-1"]
[WhiteElo "820"]
[BlackElo "1598"]
[PlyCount "30"]
[EventDate "2011.07.11"]

1. e4 e5 2. Nf3 Nc6 3. c3 d5 4. exd5 Qxd5 5. d4 Bg4 6. Be2 O-O-O 7. O-O e4 8.
Ne1 Bxe2 9. Qxe2 Nf6 10. Nc2 Bd6 11. Ne3 Qg5 12. Nd2 h5 13. Nec4 Bxh2+ 14. Kxh2
Qh4+ 15. Kg1 Ng4 0-1

[Event "Mahalla op 13th"]
[Site "Mahalla"]
[Date "2011.07.09"]
[Round "7"]
[White "Hassan, Sayed Barakat"]
[Black "Zayan, Osama"]
[Result "1-0"]
[WhiteElo "2386"]
[BlackElo "2229"]
[PlyCount "62"]
[EventDate "2011.07.04"]
[EventType "swiss"]
[EventRounds "9"]
[EventCountry "EGY"]
[SourceTitle "CBM 143 Extra"]
[Source "ChessBase"]
[SourceDate "2011.08.29"]
[SourceVersion "1"]
[SourceVersionDate "2011.08.29"]
[SourceQuality "1"]

1. e4 e5 2. Nf3 Nc6 3. c3 g6 4. d4 Bg7 5. d5 Nce7 6. d6 Nc6 7. Na3 cxd6 8. Nb5
Bf8 9. Be3 a6 10. Nxd6+ Bxd6 11. Qxd6 Qe7 12. Bc5 Qxd6 13. Bxd6 f6 14. Nd2 Nh6
15. Nc4 Nf7 16. Nb6 Nxd6 17. Nxa8 Nxe4 18. Nb6 Ke7 19. f3 Nc5 20. b4 Ne6 21.
Bc4 Nc7 22. a4 d6 23. b5 Na5 24. Nd5+ Nxd5 25. Bxd5 Bf5 26. g4 Bd7 27. bxa6
bxa6 28. Kd2 Rc8 29. Rhb1 Rc5 30. Ba2 Bxa4 31. Rb8 Be8 1-0

[Event "Karl Mala Memorial op 14th"]
[Site "Frankfurt"]
[Date "2011.07.09"]
[Round "4"]
[White "Reitz, Thomas"]
[Black "Schmidt, Franz"]
[Result "0-1"]
[WhiteElo "1570"]
[BlackElo "1857"]
[PlyCount "52"]
[EventDate "2011.07.07"]
[EventType "swiss"]
[EventRounds "7"]
[EventCountry "GER"]
[SourceTitle "EXT 2012"]
[Source "ChessBase"]
[SourceDate "2011.11.24"]
[SourceVersion "1"]
[SourceVersionDate "2011.11.24"]
[SourceQuality "1"]

1. e4 e5 2. Nf3 Nc6 3. c3 Nf6 4. d4 Nxe4 5. d5 Bc5 6. dxc6 Bxf2+ 7. Ke2 bxc6 8.
Qc2 d5 9. Qa4 O-O 10. Be3 Bxe3 11. Kxe3 Rb8 12. Qc2 Qf6 13. Bd3 Qf4+ 14. Ke2
Nc5 15. Bxh7+ Kh8 16. h4 e4 17. h5 exf3+ 18. gxf3 f5 19. Bg6 Ba6+ 20. Kf2 Rxb2
21. Qxb2 Nd3+ 22. Kg2 Nxb2 23. Na3 Qd2+ 24. Kg3 Qxc3 25. Rae1 Qxa3 26. h6 Qd6+
0-1

[Event "Amsterdam SPA op-A"]
[Site "Amsterdam"]
[Date "2011.07.09"]
[Round "1"]
[White "Burton, Graham P"]
[Black "Timmermans, Ivo"]
[Result "1/2-1/2"]
[WhiteElo "2051"]
[BlackElo "2232"]
[PlyCount "114"]
[EventDate "2011.07.09"]
[EventType "swiss"]
[EventRounds "9"]
[EventCountry "NED"]
[SourceTitle "CBM 143 Extra"]
[Source "ChessBase"]
[SourceDate "2011.08.29"]
[SourceVersion "1"]
[SourceVersionDate "2011.08.29"]
[SourceQuality "1"]

1. e4 e5 2. Nf3 Nc6 3. c3 Nf6 4. d3 g6 5. g3 Bg7 6. Bg2 O-O 7. O-O a5 8. Nbd2
d5 9. Qc2 h6 10. Re1 Re8 11. b3 Be6 12. Bb2 Qd7 13. a3 Rad8 14. b4 Nh7 15. b5
Nb8 16. exd5 Bxd5 17. c4 Bxf3 18. Nxf3 Qxd3 19. Qxd3 Rxd3 20. Bxe5 Ng5 21. Bxg7
Nxf3+ 22. Bxf3 Rxe1+ 23. Rxe1 Kxg7 24. Bxb7 Kf6 25. Re8 Nd7 26. Rc8 Rxa3 27.
Rxc7 Ne5 28. Bd5 g5 29. Ra7 Nd3 30. h3 Ra1+ 31. Kg2 Ra2 32. Rxf7+ Ke5 33. b6
Rb2 34. b7 Nc5 35. Rf8 Nxb7 36. Rb8 a4 37. Bxb7 a3 38. Ra8 Rxb7 39. Rxa3 Rb6
40. Rc3 Kd4 41. c5 Rc6 42. Rc1 Ke4 43. g4 Kf4 44. Rc4+ Ke5 45. Kg3 Kd5 46. Rc1
Ke4 47. Rb1 Rxc5 48. Rb6 Rc3+ 49. Kg2 h5 50. gxh5 Kf5 51. h6 Rc4 52. h7 Rh4 53.
Rb7 Rh6 54. Kg3 Rh5 55. f3 Kg6 56. Ra7 Kf5 57. Ra5+ Kg6 1/2-1/2

[Event "Naantali op"]
[Site "Naantali"]
[Date "2011.07.08"]
[Round "7"]
[White "Hosia, Akseli"]
[Black "Valkama, Eero"]
[Result "1/2-1/2"]
[WhiteElo "1816"]
[BlackElo "1737"]
[PlyCount "62"]
[EventDate "2011.07.04"]
[EventType "swiss"]
[EventRounds "9"]
[EventCountry "FIN"]
[SourceTitle "CBM 143 Extra"]
[Source "ChessBase"]
[SourceDate "2011.08.29"]
[SourceVersion "1"]
[SourceVersionDate "2011.08.29"]
[SourceQuality "1"]

1. e4 e5 2. Nf3 Nc6 3. c3 Nf6 4. d4 d5 5. dxe5 Nxe4 6. Bb5 a6 7. Bxc6+ bxc6 8.
Nbd2 Nxd2 9. Bxd2 Be7 10. O-O O-O 11. Nd4 c5 12. Nb3 Be6 13. Be3 c4 14. Nd4 c5
15. Nc6 Qc7 16. Nxe7+ Qxe7 17. b3 cxb3 18. axb3 Rfc8 19. Qh5 Qb7 20. Rab1 Qd7
21. Qh4 Rc6 22. b4 cxb4 23. cxb4 Rac8 24. Bc5 a5 25. Ra1 axb4 26. Bxb4 Rc4 27.
Qe7 Qxe7 28. Bxe7 h5 29. Bg5 Rb8 30. Rfb1 Rxb1+ 31. Rxb1 Rc8 1/2-1/2

[Event "Nachod op 9th"]
[Site "Nachod"]
[Date "2011.07.08"]
[Round "7"]
[White "Lizner, Milan"]
[Black "Boruvka, Milan"]
[Result "1/2-1/2"]
[WhiteElo "2052"]
[BlackElo "1954"]
[PlyCount "56"]
[EventDate "2011.07.02"]
[EventType "swiss"]
[EventRounds "9"]
[EventCountry "CZE"]
[SourceTitle "EXT 2012"]
[Source "ChessBase"]
[SourceDate "2011.11.24"]
[SourceVersion "1"]
[SourceVersionDate "2011.11.24"]
[SourceQuality "1"]

1. e4 e5 2. Nf3 Nc6 3. c3 Nf6 4. d4 Nxe4 5. d5 Ne7 6. Nxe5 Ng6 7. Bd3 Nxe5 8.
Bxe4 Bc5 9. O-O d6 10. h3 f5 11. Bc2 Qh4 12. Nd2 O-O 13. Nf3 Qg3 14. Nd4 Qh4
15. Nf3 Qh5 16. Nd4 Qxd1 17. Rxd1 f4 18. f3 Bf5 19. Bxf5 Rxf5 20. Kf1 Bxd4 21.
Rxd4 g5 22. Bd2 Kf7 23. c4 h5 24. Rc1 Re8 25. Bc3 a6 26. Re4 Re7 27. Bd2 Ng6
28. Bc3 Ne5 1/2-1/2

[Event "Karl Mala Memorial op 14th"]
[Site "Frankfurt"]
[Date "2011.07.08"]
[Round "2"]
[White "Polak, Elias"]
[Black "Klowski, Bjoern Sigurd"]
[Result "1-0"]
[WhiteElo "1879"]
[BlackElo "1659"]
[PlyCount "61"]
[EventDate "2011.07.07"]
[EventType "swiss"]
[EventRounds "7"]
[EventCountry "GER"]
[SourceTitle "EXT 2012"]
[Source "ChessBase"]
[SourceDate "2011.11.24"]
[SourceVersion "1"]
[SourceVersionDate "2011.11.24"]
[SourceQuality "1"]

1. e4 e5 2. Nf3 Nc6 3. c3 Nf6 4. d4 exd4 5. e5 Nd5 6. cxd4 Bb4+ 7. Bd2 Bxd2+ 8.
Nbxd2 O-O 9. Qb3 Nb6 10. Bd3 d6 11. O-O Be6 12. Qc2 h6 13. a3 dxe5 14. dxe5 Nd4
15. Nxd4 Qxd4 16. Nf3 Qd7 17. Rfd1 Qe7 18. Nd4 Bd5 19. f4 Rac8 20. Bf5 Rcd8 21.
Rac1 Nc4 22. Qf2 c6 23. Bd3 Nb6 24. Nf5 Qe6 25. Qg3 g6 26. Nxh6+ Kh8 27. Qh4
Kg7 28. Qg5 Rd7 29. Bf5 Qe8 30. Qf6+ Kxh6 31. Rd3 1-0

[Event "Karl Mala Memorial op 14th"]
[Site "Frankfurt"]
[Date "2011.07.08"]
[Round "2"]
[White "Perlitz, Sven"]
[Black "Budde, Michael"]
[Result "1-0"]
[WhiteElo "2094"]
[BlackElo "1746"]
[PlyCount "71"]
[EventDate "2011.07.07"]
[EventType "swiss"]
[EventRounds "7"]
[EventCountry "GER"]
[SourceTitle "EXT 2012"]
[Source "ChessBase"]
[SourceDate "2011.11.24"]
[SourceVersion "1"]
[SourceVersionDate "2011.11.24"]
[SourceQuality "1"]

1. e4 e5 2. Nf3 Nc6 3. c3 Nf6 4. d4 exd4 5. e5 Ng4 6. cxd4 Bb4+ 7. Nc3 Qe7 8.
h3 Nf6 9. Bc4 d5 10. O-O Bxc3 11. exf6 Qxf6 12. Bxd5 Bb4 13. Qa4 Qd6 14. Bxc6+
bxc6 15. Bf4 Qxf4 16. Qxc6+ Ke7 17. Qxa8 Rd8 18. Qb8 a5 19. Qb5 Kf8 20. a3 Bd7
21. Qg5 Qxg5 22. Nxg5 Be7 23. Nf3 Rb8 24. Ne5 Ba4 25. Rfc1 Rxb2 26. Rxc7 g6 27.
Nxf7 Bh4 28. g3 Bf6 29. Ne5 Rd2 30. Rf7+ Ke8 31. Rxf6 Rxd4 32. Re6+ Kf8 33. Rb1
Kg7 34. Rb7+ Kh6 35. Ng4+ Kh5 36. Rxh7+ 1-0

[Event "RA-2011-0-00140"]
[Site "LSS email"]
[Date "2011.07.07"]
[Round "?"]
[White "Vyzharov, Ivan"]
[Black "Simmelink, Joop Theo"]
[Result "0-1"]
[WhiteElo "2072"]
[BlackElo "2090"]
[PlyCount "64"]
[EventDate "2011.06.08"]
[EventType "tourn (corr)"]
[EventRounds "6"]
[SourceTitle "OM Corr 202003"]
[Source "Opening Master"]
[SourceDate "2019.05.30"]
[SourceVersion "2"]
[SourceVersionDate "2019.05.30"]
[SourceQuality "1"]

1. e4 e5 2. Nf3 Nc6 3. c3 d5 4. Qa4 Bd7 5. exd5 Nd4 6. Qd1 Nxf3+ 7. Qxf3 Nf6 8.
c4 Bc5 9. Bd3 O-O 10. Nc3 c6 11. h3 Rc8 12. a4 Re8 13. O-O cxd5 14. cxd5 Bd4
15. Re1 g6 16. Be4 Nh5 17. Ne2 f5 18. Bb1 e4 19. Qb3 Bxf2+ 20. Kxf2 Qh4+ 21.
Kf1 f4 22. d6+ Be6 23. Qb5 f3 24. Ba2 Bxa2 25. d7 Rf8 26. dxc8=Q fxg2+ 27. Kxg2
Qf2+ 28. Kh1 Qxe1+ 29. Kg2 Qf1+ 30. Kh2 Rxc8 31. b3 Qf2+ 32. Kh1 Qxe2 0-1

[Event "Krakow 1st"]
[Site "Krakow"]
[Date "2011.07.06"]
[Round "5"]
[White "Jakubiec, Artur"]
[Black "Sadzikowski, Daniel"]
[Result "0-1"]
[WhiteElo "2532"]
[BlackElo "2388"]
[PlyCount "80"]
[EventDate "2011.07.03"]
[EventType "tourn"]
[EventRounds "9"]
[EventCountry "POL"]
[EventCategory "9"]
[SourceTitle "CBM 143 Extra"]
[Source "ChessBase"]
[SourceDate "2011.08.29"]
[SourceVersion "1"]
[SourceVersionDate "2011.08.29"]
[SourceQuality "1"]

1. e4 e5 2. Nf3 Nc6 3. c3 d5 4. Qa4 Bd7 5. exd5 Nd4 6. Qd1 Nxf3+ 7. Qxf3 Nf6 8.
Bc4 e4 9. Qe2 Bd6 10. d4 h6 11. h3 O-O 12. Be3 Nh7 13. g4 f5 14. gxf5 Bxf5 15.
Nd2 Ng5 16. O-O-O Nxh3 17. Nxe4 Bxe4 18. Rxh3 Qd7 19. Qf1 Qf5 20. Be2 Bf4 21.
c4 Rae8 22. Rh5 Bxe3+ 23. fxe3 Qd7 24. Qe1 Qa4 25. Qc3 Rf2 26. Re1 Bg6 27. Re5
Ref8 28. e4 Rg2 29. Qa3 Qd7 30. Re6 Rff2 31. Qe3 Bh5 32. Qxf2 Rxf2 33. Bxh5 Qa4
34. Be2 Qb4 35. Kd1 Qxb2 36. e5 Qxd4+ 37. Kc1 Qc3+ 38. Kd1 Qd4+ 39. Kc1 Qc3+
40. Kd1 Rf4 0-1

[Event "FICGS__CHESS__RAPID_E__000057"]
[Site "FICGS"]
[Date "2011.07.05"]
[Round "1"]
[White "Melquiades, Jay"]
[Black "Jerez, Miriam"]
[Result "0-1"]
[WhiteElo "942"]
[BlackElo "785"]
[PlyCount "88"]
[EventDate "2011.??.??"]
[EventType "rapid"]

1. e4 e5 2. Nf3 Nc6 3. c3 Nf6 4. d3 Be7 5. Bg5 O-O 6. Nbd2 d5 7. d4 dxe4 8.
Nxe4 Nxe4 9. Bxe7 Qxe7 10. Qe2 exd4 11. cxd4 Bg4 12. h3 Bh5 13. g4 Bg6 14. h4
Rfe8 15. h5 Bxh5 16. gxh5 h6 17. Bg2 Rad8 18. O-O-O Nxd4 19. Nxd4 Qc5+ 20. Nc2
Rxd1+ 21. Rxd1 Nd6 22. Qg4 Nf5 23. Rg1 Qxf2 24. Bxb7 Nd6 25. Bc6 Qf6 26. Bxe8
Nxe8 27. Nd4 Kf8 28. Nb5 a6 29. Nd4 Nd6 30. Nb3 g5 31. Nc5 Kg8 32. Nd7 Qe7 33.
Rg3 f5 34. Qa4 Qe1+ 35. Kc2 Qf2+ 36. Kb3 Qxg3+ 37. Kc2 f4 38. Qxa6 f3 39. Nf6+
Kf7 40. Nd7 Qh2+ 41. Kb3 f2 42. a4 Qh3+ 43. Ka2 f1=Q 44. Qa7 Qc4+ 0-1

[Event "Nachod op 9th"]
[Site "Nachod"]
[Date "2011.07.04"]
[Round "3.45"]
[White "Kosar, Matej"]
[Black "Chmelar, Vitezslav"]
[Result "0-1"]
[WhiteElo "1723"]
[BlackElo "1930"]
[PlyCount "104"]
[EventDate "2011.07.02"]
[EventType "swiss"]
[EventRounds "9"]
[EventCountry "CZE"]
[SourceTitle "EXT 2012"]
[Source "ChessBase"]
[SourceDate "2011.11.24"]
[SourceVersion "1"]
[SourceVersionDate "2011.11.24"]
[SourceQuality "1"]

1. e4 e5 2. Nf3 Nc6 3. c3 Nf6 4. d4 d6 5. d5 Ne7 6. Bd3 Ng6 7. Bg5 Be7 8. O-O
Nxd5 9. exd5 Bxg5 10. Bxg6 hxg6 11. Nbd2 Bg4 12. Ne4 Bh6 13. Qd3 a6 14. Ng3 Qf6
15. Qe4 Bxf3 16. Qxf3 Qxf3 17. gxf3 Bf4 18. Kg2 O-O-O 19. Rh1 Rh4 20. Ne2 Bg5
21. Ng3 Rdh8 22. Rae1 Bf4 23. h3 Kd7 24. Ne4 f5 25. Ng3 Bg5 26. Re2 a5 27. Rc2
b5 28. b3 b4 29. c4 Rd4 30. Nf1 Rd1 31. Re2 Rb1 32. Ng3 Rxh1 33. Nxh1 f4 34.
Re4 Ra8 35. Re2 a4 36. Rb2 axb3 37. Rxb3 Ra4 38. Rb2 c6 39. Rc2 Bd8 40. Kg1 Ra3
41. Kg2 Rc3 42. Rb2 Rxc4 43. Rb3 cxd5 44. a3 bxa3 45. Rxa3 d4 46. Rd3 Rc3 47.
Rd1 Ke6 48. Ng3 fxg3 49. fxg3 d3 50. Kf1 Bg5 51. h4 Be3 52. f4 exf4 0-1

[Event "IPCA World Championship 2011 OPEN A"]
[Site "Piestany"]
[Date "2011.07.03"]
[Round "2.1"]
[White "Pronin, Vladimir"]
[Black "Mikheev, Stanislav"]
[Result "0-1"]
[WhiteElo "2037"]
[BlackElo "2292"]
[PlyCount "54"]
[EventDate "2011.07.02"]
[EventRounds "9"]
[EventCountry "SVK"]
[SourceTitle "OM OTB B 201907"]
[Source "Opening Master"]
[SourceDate "2019.07.06"]
[SourceVersion "2"]
[SourceVersionDate "2019.07.06"]
[SourceQuality "1"]

1. e4 e5 2. Nf3 Nc6 3. c3 Nf6 4. d4 d5 5. Bb5 exd4 6. e5 Ne4 7. Nxd4 Bd7 8.
Nxc6 bxc6 9. Bd3 Bc5 10. Bxe4 dxe4 11. Qe2 Qh4 12. O-O O-O 13. b4 Bb6 14. a4 a5
15. Nd2 f5 16. Nc4 Be6 17. Be3 f4 18. g3 f3 19. gxh4 fxe2 20. Nxb6 exf1=Q+ 21.
Kxf1 cxb6 22. Bxb6 axb4 23. cxb4 Bc4+ 24. Ke1 Bb5 25. a5 Rf5 26. Bc7 e3 27. f4
Rxf4 0-1

[Event "SUI-ch U14"]
[Site "St Ursanne"]
[Date "2011.07.02"]
[Round "5"]
[White "Zuest, Leonard"]
[Black "Roesler, Linus"]
[Result "1-0"]
[WhiteElo "1944"]
[BlackElo "1673"]
[PlyCount "63"]
[EventDate "2011.06.30"]
[EventType "swiss"]
[EventRounds "7"]
[EventCountry "SUI"]
[SourceTitle "EXT 2012"]
[Source "ChessBase"]
[SourceDate "2011.11.24"]
[SourceVersion "1"]
[SourceVersionDate "2011.11.24"]
[SourceQuality "1"]

1. e4 e5 2. Nf3 Nc6 3. c3 Nf6 4. d4 exd4 5. e5 Nd5 6. cxd4 Bb4+ 7. Bd2 Bxd2+ 8.
Nbxd2 d6 9. Bb5 Bd7 10. Qb3 Nb6 11. exd6 cxd6 12. O-O O-O 13. Ne4 Be6 14. Qa3
d5 15. Nc5 Bc8 16. Rac1 Qf6 17. Rfe1 a6 18. Bxc6 bxc6 19. Qb4 Nc4 20. b3 Nd6
21. Nd3 Ne4 22. Nde5 a5 23. Qb6 Ra6 24. Qc7 Be6 25. Nxc6 Bg4 26. Nce5 Bh5 27.
Nd7 Qe7 28. Nxf8 Qxf8 29. Qc8 Rg6 30. Qxf8+ Kxf8 31. Ne5 Rg5 32. h4 1-0

[Event "Nova groep B"]
[Site "Haarlem"]
[Date "2011.07.02"]
[Round "3.28"]
[White "Tuna, Ozden"]
[Black "Ligteringen, Allard"]
[Result "1/2-1/2"]
[WhiteElo "1625"]
[BlackElo "1799"]
[PlyCount "67"]
[EventDate "2011.07.??"]
[EventRounds "6"]
[EventCountry "NED"]
[SourceTitle "OM OTB B 201907"]
[Source "Opening Master"]
[SourceDate "2019.07.06"]
[SourceVersion "2"]
[SourceVersionDate "2019.07.06"]
[SourceQuality "1"]

1. e4 e5 2. Nf3 Nc6 3. c3 Nf6 4. d4 d6 5. dxe5 Nxe5 6. Nxe5 dxe5 7. Qxd8+ Kxd8
8. f3 Be6 9. Be3 Nd7 10. Nd2 Bc5 11. Bxc5 Nxc5 12. Nc4 f6 13. O-O-O+ Ke7 14. b3
a5 15. Kb1 g6 16. Ne3 c6 17. Bc4 b5 18. Bxe6 Kxe6 19. g4 Rad8 20. Kc2 Ke7 21.
Rxd8 Rxd8 22. Rd1 Rxd1 23. Kxd1 Ne6 24. a3 Kd6 25. b4 axb4 26. axb4 Nf4 27. Kd2
Nh3 28. Ng2 Ng5 29. Ke3 Ne6 30. Ne1 c5 31. Nc2 cxb4 32. cxb4 Kc6 33. Kd3 Nf4+
34. Ke3 1/2-1/2

[Event "TUR-chT"]
[Site "Konya"]
[Date "2011.07.01"]
[Round "4"]
[White "Uzun, Sarp"]
[Black "Yargici, Mazhar Kutay"]
[Result "1/2-1/2"]
[WhiteElo "1967"]
[BlackElo "1926"]
[PlyCount "45"]
[EventDate "2011.06.28"]
[EventType "team-swiss"]
[EventRounds "13"]
[EventCountry "TUR"]
[SourceTitle "CBM 143 Extra"]
[Source "ChessBase"]
[SourceDate "2011.08.29"]
[SourceVersion "1"]
[SourceVersionDate "2011.08.29"]
[SourceQuality "1"]
[WhiteTeam "Tarsus Zeka"]
[BlackTeam "Turk Hava Yollari"]
[WhiteTeamCountry "TUR"]
[BlackTeamCountry "TUR"]

1. e4 e5 2. Nf3 Nc6 3. c3 d5 4. Qa4 Qd6 5. d3 Nf6 6. Nbd2 Bd7 7. Qc2 Be7 8. Be2
h5 9. Nb3 Nd8 10. O-O Bc6 11. d4 Nd7 12. Bd3 Ne6 13. dxe5 Nxe5 14. Nxe5 Qxe5
15. f4 Qd6 16. e5 Qd7 17. f5 Nc5 18. Nd4 Nxd3 19. Qxd3 O-O-O 20. b4 a6 21. Be3
Bb5 22. Nxb5 Qxb5 23. a4 1/2-1/2

[Event "Kosice Kotan Memorial 3rd"]
[Site "Kosice"]
[Date "2011.06.30"]
[Round "7"]
[White "Mrva, Vladimir"]
[Black "Istona, Martin"]
[Result "1-0"]
[WhiteElo "2150"]
[BlackElo "1941"]
[PlyCount "53"]
[EventDate "2011.06.25"]
[EventType "swiss"]
[EventRounds "9"]
[EventCountry "SVK"]
[SourceTitle "EXT 2012"]
[Source "ChessBase"]
[SourceDate "2011.11.24"]
[SourceVersion "1"]
[SourceVersionDate "2011.11.24"]
[SourceQuality "1"]

1. e4 e5 2. Nf3 Nc6 3. c3 f5 4. d3 Nf6 5. exf5 d5 6. Nh4 Bc5 7. Nd2 O-O 8. Nb3
Bb6 9. g3 Ne7 10. Bh3 g6 11. Bh6 Rf7 12. Qd2 Nxf5 13. Bxf5 Bxf2+ 14. Kxf2 Bxf5
15. Nxf5 Ng4+ 16. Kg2 Rxf5 17. Raf1 Qd7 18. h3 Nxh6 19. Qxh6 Raf8 20. Rxf5 Qxf5
21. Qe3 d4 22. cxd4 exd4 23. Nxd4 Qd5+ 24. Qe4 Qxa2 25. Qe6+ Qxe6 26. Nxe6 Re8
27. Re1 1-0

[Event "Kosice Kotan Memorial 3rd"]
[Site "Kosice"]
[Date "2011.06.30"]
[Round "7"]
[White "Pejko, Otomar"]
[Black "Valentik, Roman"]
[Result "1-0"]
[WhiteElo "2187"]
[BlackElo "1743"]
[PlyCount "92"]
[EventDate "2011.06.25"]
[EventType "swiss"]
[EventRounds "9"]
[EventCountry "SVK"]
[SourceTitle "EXT 2012"]
[Source "ChessBase"]
[SourceDate "2011.11.24"]
[SourceVersion "1"]
[SourceVersionDate "2011.11.24"]
[SourceQuality "1"]

1. e4 e5 2. Nf3 Nc6 3. c3 Be7 4. d4 d6 5. Bb5 Bd7 6. Qe2 Nf6 7. Nbd2 exd4 8.
cxd4 O-O 9. d5 Nb8 10. O-O c6 11. dxc6 Nxc6 12. h3 Qc8 13. Nb3 a6 14. Bd3 Re8
15. Bd2 Bd8 16. Rfe1 Bc7 17. Bg5 Kh8 18. Qd2 Nh5 19. Nh2 Rg8 20. Be2 f6 21.
Bxh5 fxg5 22. Qxg5 Ne5 23. Ng4 Bd8 24. Nxe5 dxe5 25. Qxe5 Bf6 26. Qg3 Bxb2 27.
Rab1 Ba3 28. Nd4 Qc5 29. Bf7 Rgf8 30. Ne6 Bxe6 31. Bxe6 Qe7 32. Bd5 Rab8 33. f3
b5 34. Kh1 Bd6 35. e5 Bc7 36. f4 Rb6 37. Be4 Rh6 38. Rbc1 Ba5 39. Rf1 Bd2 40.
Rcd1 Qb4 41. f5 Bc3 42. Rd7 g6 43. Qf4 Rh5 44. fxg6 Rf7 45. Rd8+ Kg7 46. Qxf7+
Kh6 1-0

[Event "Pinneberg op Seniors"]
[Site "Pinneberg"]
[Date "2011.06.30"]
[Round "4"]
[White "Ziehm, Holger"]
[Black "Linke, Harry"]
[Result "0-1"]
[WhiteElo "1495"]
[BlackElo "1587"]
[PlyCount "38"]
[EventDate "2011.06.16"]
[EventType "swiss"]
[EventRounds "7"]
[EventCountry "GER"]
[SourceTitle "EXT 2012"]
[Source "ChessBase"]
[SourceDate "2011.11.24"]
[SourceVersion "1"]
[SourceVersionDate "2011.11.24"]
[SourceQuality "1"]

1. e4 e5 2. Nf3 Nc6 3. c3 Be7 4. d4 d6 5. Bb5 Bd7 6. O-O Nf6 7. Re1 O-O 8. Nbd2
Nxd4 9. Nxd4 exd4 10. Bxd7 dxc3 11. Ba4 cxd2 12. Bxd2 d5 13. e5 Ne4 14. Be3 Bc5
15. Qg4 Bxe3 16. Rxe3 Qe7 17. Qf4 f5 18. Bb3 c6 19. f3 g5 0-1

[Event "TUR-chT"]
[Site "Konya"]
[Date "2011.06.30"]
[Round "3"]
[White "Ergene, Mertcan"]
[Black "Ozen, Bahadir"]
[Result "1/2-1/2"]
[WhiteElo "1731"]
[BlackElo "1751"]
[PlyCount "86"]
[EventDate "2011.06.28"]
[EventType "team-swiss"]
[EventRounds "13"]
[EventCountry "TUR"]
[SourceTitle "CBM 143 Extra"]
[Source "ChessBase"]
[SourceDate "2011.08.29"]
[SourceVersion "1"]
[SourceVersionDate "2011.08.29"]
[SourceQuality "1"]
[WhiteTeam "Yesilkoy"]
[BlackTeam "Isek Aquamatch"]
[WhiteTeamCountry "TUR"]
[BlackTeamCountry "TUR"]

1. e4 e5 2. Nf3 Nc6 3. c3 Nf6 4. d4 Nxe4 5. d5 Ne7 6. Nxe5 Ng6 7. Nxg6 hxg6 8.
Be3 Bd6 9. Nd2 Qe7 10. Nxe4 Qxe4 11. Qd3 Qxd3 12. Bxd3 Be5 13. O-O-O d6 14. Bg5
Bf6 15. Rde1+ Kf8 16. Bxf6 gxf6 17. Re3 Bd7 18. h3 Rh5 19. Rhe1 Re8 20. Rxe8+
Bxe8 21. c4 a5 22. Kd2 Bd7 23. Re3 f5 24. f4 Rh4 25. Rf3 Rh5 26. Re3 Rh4 27.
Rf3 Ke7 28. Ke2 Kf6 29. Kf2 b6 30. b3 c5 31. a4 Rh8 32. Re3 Rh4 33. Rf3 Rh8 34.
Re3 Rh4 35. Rf3 Rh8 36. Rg3 Rh4 37. Rf3 Rh8 38. Re3 Rh4 39. Rf3 Rh8 40. Rg3 Rh4
41. Rf3 Rh8 42. Rg3 Rh4 43. Rf3 Rh8 1/2-1/2

[Event "45. LSS No Engine Cup Preliminary 1"]
[Site "Lechenicher SchachServer"]
[Date "2011.06.29"]
[Round "?"]
[White "Kratky, Pepa"]
[Black "Evans, Stanley"]
[Result "0-1"]
[WhiteElo "902"]
[BlackElo "1128"]
[PlyCount "80"]
[EventDate "2011.06.30"]

1. e4 e5 2. Nf3 Nc6 3. c3 Nf6 4. d4 Nxe4 5. d5 Ne7 6. Nxe5 Ng6 7. Nxg6 hxg6 8.
Bd3 Nc5 9. c4 Bd6 10. g3 Nxd3+ 11. Qxd3 Qe7+ 12. Qe3 Bc5 13. Qxe7+ Kxe7 14. Nc3
d6 15. Ne4 Bd4 16. a4 Bh3 17. Nc3 Rae8 18. Be3 Kd7 19. Kd2 Bxe3+ 20. fxe3 Bg2
21. Rhe1 Rxh2 22. Re2 Reh8 23. Rg1 Bf3 24. Rxh2 Rxh2+ 25. Kd3 Rxb2 26. Rf1 Bxd5
27. cxd5 f6 28. g4 Rg2 29. Rf4 g5 30. Rb4 g6 31. Ne4 f5 32. gxf5 gxf5 33. Nd2
b6 34. Nf3 g4 35. Nh4 a5 36. Rf4 Rh2 37. Nxf5 Rg2 38. Nh6 g3 39. Nf5 Rg1 40.
Rg4 g2 0-1